Quels pays utilisent des Airbus ? - Statistiques

Statistiques générales
  • Ce quiz a été pris 119 fois
    103 depuis la dernière actualisation
  • Le résultat moyen est 52 sur 93
Statistiques - réponses
Continent Nombre d'appareils Pays % Correct
Europe 137 France
96%
Europe 263 Allemagne
88%
Europe 76 Espagne
87%
Amérique 119 Canada
84%
Europe/Asie 89 Russie
83%
Asie 227 Chine
82%
Europe 172 Royaume-Uni
82%
Afrique 8 Algérie
80%
Europe 89 Italie
80%
Asie 18 Japon
78%
Europe 73 Portugal
77%
Europe 75 Suisse
77%
Afrique 44 Afrique-du-Sud
76%
Océanie 37 Australie
76%
Europe/Asie 164 Turquie
75%
Amérique 10 Argentine
73%
Océanie 36 Nouvelle-Zélande
72%
Afrique 12 Egypte
71%
Asie 88 Inde
71%
Europe 45 Belgique
70%
Amérique 238 Chili
67%
Afrique 4 Congo RD | RDC | République démocratique du Congo
66%
Asie 49 Corée-du-Sud
66%
Asie 165 Emirats Arabes Unis
66%
Afrique 12 Ethiopie
66%
Europe 56 Finlande
66%
Asie 99 Arabie Saoudite
65%
Asie 109 Qatar
65%
Afrique 22 Tunisie
65%
Europe 59 Grèce
64%
Europe 35 Autriche
63%
Europe 56 Irlande
63%
Asie 15 Thaïlande
63%
Amérique 170 Colombie
61%
Afrique 3 Sénégal
61%
Asie 24 Indonésie
60%
Europe 11 Pays-Bas
60%
Europe 4 Roumanie
60%
Europe 7 Croatie
59%
Asie 6 Irak
58%
Asie 83 Singapour
58%
Europe 2 Tchéquie
58%
Asie 16 Iran
57%
Europe 15 Serbie
57%
Europe 44 Estonie
55%
Europe 4 Estonie
55%
Asie 86 Vietnam
55%
Asie 30 Malaisie
54%
Afrique 6 Libye
53%
Asie 7 Oman
53%
Asie 14 Pakistan
53%
Europe 3 Slovénie
53%
Amérique 3 Venezuela
53%
Asie 16 Jordanie
51%
Océanie 8 Fidji
49%
Asie 4 Laos
49%
Asie 22 Liban
49%
Afrique 2 Madagascar
49%
Asie 5 Yémen
49%
Europe 9 Bulgarie
48%
Asie 10 Syrie
48%
Asie 2 Afghanistan
47%
Asie 21 Kazakhstan
47%
Europe 8 Malte
46%
Asie 4 Népal
46%
Asie 34 Philippines
46%
Afrique 1 Soudan
46%
Amérique 33 Costa Rica
45%
Asie 23 Koweït
45%
Europe/Asie 11 Azerbaïdjan
43%
Europe 1 Bosnie-Herzégovine
42%
Asie 3 Cambodge
42%
Asie 16 Ouzbékistan
42%
Amérique 10 Equateur
41%
Afrique 6 Côte d'ivoire
40%
Europe 4 Moldavie
40%
Asie 44 Taïwan
40%
Afrique 2 Tanzanie
40%
Asie 24 Sri Lanka
39%
Asie 30 Bahreïn
37%
Asie 3 Bhoutan
37%
Amérique 1 Guatemala
37%
Afrique 2 Rwanda
36%
Amérique 2 Surinam
36%
Afrique 11 Maurice
35%
Afrique 2 Zimbabwe
34%
Afrique 6 Namibie
33%
Amérique 11 Salvador
30%
Asie 10 Bruneï
29%
Asie 1 Maldives
27%
Afrique 3 Seychelles
25%
Océanie 1 Salomon
24%
Asie 1 Timor oriental
19%
Aucun quiz correspondant
Distribution des résultats
% des personnes avec chaque résultat
Percentile par nombre de réponses
Votre historique - résultats
Vous n’avez pas pris ce quiz depuis la dernière actualisation